| 000 | 00857nam a2200253 a 4500 | ||
|---|---|---|---|
| 001 | 33750 | ||
| 003 | BD-RjUL | ||
| 005 | 20211209052044.0 | ||
| 008 | 190107r19301915uk a 000 0 eng | ||
| 035 | _a(BD-RjUL)33841 | ||
| 040 |
_aDLC _cOKentU _dDLC _dBD-RjUL _beng |
||
| 041 | _aeng | ||
| 042 | _apremarc | ||
| 082 |
_223 _a299.31 _bSPM 1930 |
||
| 100 | 1 |
_aSpence, Lewis, _d1874-1955. _9226700 |
|
| 245 | 1 | 0 |
_aMyths & legends of ancient Egypt / _cby Lewis Spence |
| 260 |
_aLondon: _bGeorge G. Harrap & Co. Ltd. , _c1915 [Reprinted 1930] |
||
| 300 |
_aix, [3], 369, [1] p.: _bill. ; _c22 cm. |
||
| 500 | _a"With twelve plates in colour by Evelyn Paul and thirty-two other illustrations" | ||
| 504 | _aIncludes bibliographical references and index. | ||
| 651 | 0 |
_aEgypt _xReligion. _9226701 |
|
| 651 | 0 |
_aEgypt _xAntiquities. _9226702 |
|
| 942 |
_2ddc _cRAR |
||
| 999 |
_c33750 _d33750 |
||